[Event "Under 1300 knightworm78 Invitational #6"]
[Site "SchemingMind.com"]
[Date "2019.09.30"]
[Round "-"]
[White "im_cincinnati_kid37"]
[Black "Bacon"]
[Result "1-0"]
[WhiteCountry "USA"]
[BlackCountry "BER"]
[WhiteElo "1216"]
[WhiteRD "76"]
[BlackElo "1117"]
[BlackRD "83"]
[GameID "446507"]

1. e4 Nf6 2. e5 Ne4 3. d3 Nc6 4. dxe4 Nxe5 5. Be3 d6 6. b3 Bg4 7. Be2 Bxe2 8. Nxe2 Nc6 9. Nd2 f6 10. Nc3 Nb4
11. a3 Nc6 12. O-O Ne5 13. Nb5 a6 14. Nd4 c5 15. N4f3 d5 16. Nxe5 d4 17. Bf4 fxe5 18. Bxe5 e6 19. Nf3 Qd7 20. c3 dxc3
21. Qxd7+ Kxd7 22. Rfd1+ Ke7 23. Bxc3 b5 24. Ra2 g6 25. Bxh8 Bh6 26. Be5 Rd8 27. Rxd8 Kxd8 28. Ra1 g5 29. Rc1 g4 30. Rd1+ Kc8
31. Ne1 Kb7 32. Rd7+ Kc6 33. Rxh7 a5 34. Rxh6 Kd7 35. Rg6 c4 36. Rxg4 cxb3 37. Bb2 Kd6 38. Rg5 a4 39. Rxb5 Kc6 40. Rb8 Kc5
41. Kf1 Kc6 42. Nd3 Kd6 43. Ra8 Ke7 44. Rxa4 Kd6 45. Rd4+ Ke7 46. a4 Kf6 47. a5 e5 48. Rd5 Ke6 49. a6
1-0

[Event "Under 1300 knightworm78 Invitational #6"]
[Site "SchemingMind.com"]
[Date "2019.10.01"]
[Round "-"]
[White "im_cincinnati_kid37"]
[Black "Martin E. Hardwick"]
[Result "0-1"]
[WhiteCountry "USA"]
[BlackCountry "ENG"]
[WhiteElo "1216"]
[WhiteRD "76"]
[BlackElo "1316"]
[BlackRD "75"]
[GameID "446508"]

1. e4 e5 2. Nf3 Nc6 3. Bb5 a6 4. Ba4 b5 5. Bb3 Be7 6. c4 bxc4 7. Bxc4 Bb7 8. O-O Nf6 9. Qb3 Qc8 10. Bxf7+ Kd8
11. Bc4 d5 12. exd5 Na5 13. Qc2 Nxc4 14. Qxc4 Bxd5 15. Qd3 e4 16. Qc3 exf3 17. gxf3 Rf8 18. Qd3 Qb7 19. Nc3 Kc8 20. Nxd5 Nxd5
21. Qxh7 Nf6 22. Qxg7 Re8 23. Qg2 Rg8 24. Qxg8+ Nxg8 25. Kg2 Nf6 26. d3 Kd7 27. Re1 Rg8+ 28. Kf1 Qxf3 29. Be3 Nd5 30. Red1 Nxe3+
31. Ke1 Rg1+ 32. Kd2 Rxd1+ 33. Rxd1 Qxd1+ 34. Kc3 Bf6+ 35. Kb4 Nd5+ 36. Kc5 Qxd3
0-1

[Event "Under 1300 knightworm78 Invitational #6"]
[Site "SchemingMind.com"]
[Date "2019.09.30"]
[Round "-"]
[White "Black Knight"]
[Black "im_cincinnati_kid37"]
[Result "1-0"]
[WhiteCountry "USA"]
[BlackCountry "USA"]
[WhiteElo "1298"]
[WhiteRD "50"]
[BlackElo "1208"]
[BlackRD "75"]
[GameID "446509"]

1. d4 Nf6 2. c4 g6 3. Nc3 Bg7 4. e4 d6 5. e5 dxe5 6. dxe5 Qxd1+ 7. Nxd1 Nfd7 8. Nf3 Nxe5 9. Bf4 Nbc6 10. Be2 Bf5
11. Ne3 Be4 12. O-O Nxf3+ 13. gxf3 Bxb2 14. Rad1 Bf5 15. Nxf5 gxf5 16. Bxc7 Be5 17. Bxe5 Nxe5 18. f4 Nc6 19. Bf3 e6 20. Bxc6+ bxc6
21. c5 Ke7 22. Rb1 Rhg8+ 23. Kh1 h5 24. h4 a5 25. Rfd1 Rac8 26. Rg1 Rxg1+ 27. Kxg1 Kd7 28. Rd1+ Kc7 29. Kf1 Ra8 30. Ke2 Rd8
31. Rxd8 Kxd8 32. Ke3 Kc7 33. Kd4 Kb7 34. Ke5 Ka6 35. a4 Kb7 36. Kf6 Kc7 37. Kxf7 Kd7 38. f3 Kc7 39. Kxe6
1-0

[Event "Under 1300 knightworm78 Invitational #6"]
[Site "SchemingMind.com"]
[Date "2019.10.01"]
[Round "-"]
[White "im_cincinnati_kid37"]
[Black "malcolm chugg"]
[Result "0-1"]
[WhiteCountry "USA"]
[BlackCountry "WLS"]
[WhiteElo "1198"]
[WhiteRD "79"]
[BlackElo "1243"]
[BlackRD "54"]
[GameID "446510"]

1. e4 e5 2. Nf3 d6 3. d4 Bg4 4. Be2 exd4 5. Bg5 f6 6. Bh4 g5 7. Bg3 c5 8. a4 Qa5+ 9. Nbd2 Nh6 10. O-O f5
11. exf5 Bxf3 12. Bxf3 Nc6 13. f6 O-O-O 14. Nc4 Qc7 15. h4 gxh4 16. Bxh4 Qf7 17. a5 Qxc4 18. f7 Rd7 19. b3 Qxf7 20. g3 Ne5
21. Bg2 Neg4 22. f3 Ne3 23. Qe2 Nd5 24. Bh3 Nf5 25. Bxf5 Qxf5 26. g4 Qe5 27. Qxe5 dxe5 28. Rfe1 Bd6 29. Kg2 a6 30. Bf2 Rg7
31. Rac1 h5 32. Kf1 hxg4 33. fxg4 Rh1+ 34. Ke2 Rxe1+ 35. Rxe1 Rxg4 36. Rg1 Rxg1 37. Bxg1 Kc7 38. Kd3 Kc6 39. Kd2 Kb5 40. b4 Nxb4
41. c3 dxc3+ 42. Kxc3 Nd5+ 43. Kd3 Nf4+ 44. Ke4 c4 45. Bb6 c3 46. Ke3 Kb4
0-1

[Event "Under 1300 knightworm78 Invitational #6"]
[Site "SchemingMind.com"]
[Date "2019.09.30"]
[Round "-"]
[White "Chessibelle"]
[Black "im_cincinnati_kid37"]
[Result "1-0"]
[WhiteCountry "ENG"]
[BlackCountry "USA"]
[WhiteElo "1159"]
[WhiteRD "58"]
[BlackElo "1208"]
[BlackRD "75"]
[GameID "446511"]

1. Nf3 c5 2. c4 g6 3. e4 Bg7 4. Be2 d6 5. O-O h6 6. Nc3 a6 7. g3 e5 8. Nd5 Nf6 9. Qa4+ Bd7 10. Qb3 Nxd5
11. exd5 b6 12. Qd3 Bh3 13. Re1 e4 14. Qxe4+ Qe7 15. Qc2 Nd7 16. Bf1 Bxf1 17. Rxe7+ Kxe7 18. Qe4+ Ne5 19. Kxf1 f5 20. Qh4+ g5
21. Qh3 Kf6 22. Qg2 Nxf3 23. Qxf3 Rae8 24. Rb1 Re7 25. a3 Rhe8 26. Kg2 g4 27. Qc3+ Kg6 28. Qb3 Rb8 29. Qa4 Bf6 30. Qxa6 h5
31. Qa4 Bg5 32. b4 Reb7 33. Qc2 Re7 34. Qa4 Kf6 35. Qc6 Ke5 36. Qa4 Rbb7 37. Bb2+ Ke4 38. Qc2#
1-0

[Event "Under 1300 knightworm78 Invitational #6"]
[Site "SchemingMind.com"]
[Date "2019.09.30"]
[Round "-"]
[White "wight knight"]
[Black "im_cincinnati_kid37"]
[Result "0-1"]
[WhiteCountry "ENG"]
[BlackCountry "USA"]
[WhiteElo "1266"]
[WhiteRD "58"]
[BlackElo "1208"]
[BlackRD "75"]
[GameID "446512"]

1. e4 e5 2. Bc4 c6 3. b3 Nf6 4. f3 Bd6 5. Ba3 Bxa3 6. Nxa3 O-O 7. Nh3 b5 8. Be2 d6 9. f4 Nxe4 10. Ng5 Nxg5
11. fxg5 Qxg5 12. g3 Bh3 13. c4 bxc4 14. Nxc4 Bg2 15. Rg1 Bh3 16. Nxd6 Nd7 17. Bf1 Bg4 18. Qc2 a6 19. Be2 Bxe2 20. Kxe2 c5
21. Qf5 Qxf5 22. Nxf5 Nf6 23. g4 h6 24. g5 hxg5 25. Rxg5 Ne8 26. Rag1 f6 27. Nh6+ Kh7 28. Nf5 fxg5 29. Rxg5 g6 30. Nh4 Rf6
31. Rxe5 Nd6 32. Rxc5 Re8+ 33. Kd1 Rf1+ 34. Kc2 Rc8 35. Rc3 Rxc3+ 36. Kxc3 Nb5+ 37. Kb2 Nd4 38. a4 a5 39. Kc3 Ne2+ 40. Kd3 Nc1+
41. Kc2 Ne2 42. Ng2 Rf2 43. Ne3 Rxh2 44. Nc4 Nd4+ 45. Kc3 Ne2+ 46. Kb2 g5 47. Nxa5 Nd4 48. Nc4 g4 49. Ne3 g3 50. a5 Re2
51. a6 Nf5 52. a7 Rxd2+ 53. Kc1 Rd8 54. Ng2 Ra8 55. Kd2 Rxa7 56. Ke2 Nd4+ 57. Ke3 Nxb3 58. Kf3 Kg6 59. Kxg3 Kg5 60. Kf3 Ra3
61. Kg3 Nd2+ 62. Kh2 Ra2 63. Ne3 Nc4+ 64. Kg3 Nxe3 65. Kf3 Nf5 66. Ke4 Ra5 67. Kf3 Ra4 68. Kf2 Ra3 69. Kf1 Ra2 70. Kg1 Kg4
71. Kf1 Nd4 72. Ke1 Rc2 73. Kf1 Re2 74. Kg1 Kf4 75. Kh1 Ke3 76. Kg1 Kd2 77. Kf1 Kd1 78. Kg1 Kd2 79. Kf1 Ke3 80. Kg1 Nf3+
81. Kh1 Rh2#
0-1

[Event "Under 1300 knightworm78 Invitational #6"]
[Site "SchemingMind.com"]
[Date "2019.10.02"]
[Round "-"]
[White "im_cincinnati_kid37"]
[Black "Shanks"]
[Result "1-0"]
[WhiteCountry "USA"]
[BlackCountry "ENG"]
[WhiteElo "1216"]
[WhiteRD "76"]
[BlackElo "1277"]
[BlackRD "66"]
[GameID "446514"]

1. e4 c6 2. d4 d5 3. Nc3 dxe4 4. Nxe4 e6 5. c4 h6 6. c5 Ne7 7. Be2 Nd7 8. Nf3 Nd5 9. a3 a6 10. Nd6+ Ke7
11. O-O N7f6 12. Nxc8+ Rxc8 13. Qb3 Qc7 14. Bd3 Ke8 15. Ne5 Ng8 16. Nf3 Ngf6 17. Re1 h5 18. h3 g6 19. Ne5 Bg7 20. Bd2 Kf8
21. Kf1 a5 22. a4 h4 23. Bg5 Nb4 24. Bxg6 Nbd5 25. Be4 Nxe4 26. Rxe4 f6 27. Ng6+ Kf7 28. Nxh8+ Rxh8 29. Bd2 Rb8 30. Kg1 Rh8
31. Rae1 Re8 32. Rxh4 f5 33. Bh6 Bxh6 34. Rxh6 Rg8 35. Qf3 f4 36. Qh5+ Kf8 37. Rexe6 f3 38. Re8+ Kg7 39. Qg6#
1-0

[Event "Under 1300 knightworm78 Invitational #6"]
[Site "SchemingMind.com"]
[Date "2019.10.05"]
[Round "-"]
[White "Bacon"]
[Black "Shanks"]
[Result "0-1"]
[WhiteCountry "BER"]
[BlackCountry "ENG"]
[WhiteElo "1117"]
[WhiteRD "83"]
[BlackElo "1277"]
[BlackRD "66"]
[GameID "446515"]

1. e4 e6 2. d4 a6 3. e5 b5 4. Bf4 h6 5. g3 Bb7 6. Nf3 c6 7. Bd3 Ne7 8. Nc3 b4 9. Na4 a5 10. O-O Nd5
11. Nc5 Bc8 12. b3 Nxf4 13. gxf4 Be7 14. h4 d6 15. Ne4 d5 16. Nc5 O-O 17. h5 Nd7 18. Nxd7 Bxd7 19. Nh4 Bxh4 20. Qg4 Be7
21. f3 c5 22. dxc5 Bxc5+ 23. Kg2 Bd4 24. Rac1 Bc3 25. f5 exf5 26. Bxf5 Bxf5 27. Qxf5 Qg5+ 28. Qxg5 hxg5 29. Rcd1 Bxe5 30. Rxd5 f6
31. Rfd1 Kh7 32. Rd7 Rac8 33. Kh3 Kh6 34. Kg4 f5+ 35. Kh3 Kxh5 36. Rxg7 Bxg7 37. Rg1 Rxc2 38. f4 g4+ 39. Kg3 Rc3+ 40. Kh2 Re8
41. Rg2 Rh3+ 42. Kg1 Bd4+ 43. Kf1 Rh1+ 44. Rg1 Rxg1#
0-1

[Event "Under 1300 knightworm78 Invitational #6"]
[Site "SchemingMind.com"]
[Date "2019.10.03"]
[Round "-"]
[White "Martin E. Hardwick"]
[Black "Shanks"]
[Result "1-0"]
[WhiteCountry "ENG"]
[BlackCountry "ENG"]
[WhiteElo "1311"]
[WhiteRD "75"]
[BlackElo "1287"]
[BlackRD "70"]
[GameID "446516"]

1. d4 Nf6 2. Nf3 d5 3. Bf4 Nbd7 4. Nc3 h6 5. e3 a6 6. Bd3 e6 7. a3 Nh5 8. Bg3 Nxg3 9. fxg3 Nb6 10. O-O h5
11. Ne5 Be7 12. Nxf7 Qd7 13. Nxh8 Qd6 14. Qxh5+ Kd7 15. Qf7 c6 16. Ng6 Kc7 17. Nxe7 Bd7 18. Rac1 g5 19. Rce1 g4 20. e4 Rd8
21. e5 Be8 22. exd6+ Kxd6 23. Qg7 Nd7 24. Rf8 Nxf8 25. Qxf8 Kd7 26. Bg6 Bxg6 27. Qxd8+ Kxd8 28. Nxg6 Kd7 29. Rf1 Kc7 30. Rf7+ Kb6
31. Na4+ Kb5 32. b3 b6 33. Rc7 c5 34. dxc5 bxc5 35. Rxc5#
1-0

[Event "Under 1300 knightworm78 Invitational #6"]
[Site "SchemingMind.com"]
[Date "2019.10.05"]
[Round "-"]
[White "Shanks"]
[Black "Black Knight"]
[Result "1-0"]
[WhiteCountry "ENG"]
[BlackCountry "USA"]
[WhiteElo "1287"]
[WhiteRD "70"]
[BlackElo "1298"]
[BlackRD "50"]
[GameID "446517"]

1. Nf3 d5 2. d4 Nc6 3. h3 Nf6 4. e3 Bf5 5. a3 e6 6. Nc3 a6 7. Be2 Be7 8. Bd2 O-O 9. Qc1 Qd7 10. O-O Bxh3
11. gxh3 b5 12. Re1 e5 13. dxe5 Ne4 14. Nxe4 dxe4 15. Nh2 Nxe5 16. Bc3 Qxh3 17. Bxe5 Qe6 18. Bg3 Bd6 19. Bxd6 Qxd6 20. Bf1 Rae8
21. Bg2 Re5 22. c3 Rh5 23. Qc2 Qxh2+ 24. Kf1 f5 25. Qb3+ Kh8 26. Qe6 Rg5 27. Qe7 Qxg2+ 28. Ke2 Qf3+ 29. Kd2 Qxf2+ 30. Re2 Qxe2+
31. Kxe2
1-0

[Event "Under 1300 knightworm78 Invitational #6"]
[Site "SchemingMind.com"]
[Date "2019.10.04"]
[Round "-"]
[White "malcolm chugg"]
[Black "Shanks"]
[Result "1-0"]
[WhiteCountry "WLS"]
[BlackCountry "ENG"]
[WhiteElo "1245"]
[WhiteRD "60"]
[BlackElo "1277"]
[BlackRD "66"]
[GameID "446518"]

1. f4 d5 2. Nf3 Nf6 3. d4 h6 4. Nc3 Nbd7 5. Ne5 Nxe5 6. fxe5 Nh7 7. h4 e6 8. e4 c6 9. Bf4 Bd7 10. Qd3 Be7
11. h5 Bh4+ 12. g3 Be7 13. Na4 Qc7 14. Bg2 O-O-O 15. c4 Qa5+ 16. Nc3 Rdf8 17. O-O Qd8 18. cxd5 exd5 19. exd5 Rfg8 20. Rfe1 cxd5
21. Nxd5 Bf8 22. Rac1+ Bc6 23. Qf5+ Kb8 24. e6+ Ka8 25. exf7 Bxd5 26. Qxd5 Qxd5 27. Bxd5 a6 28. fxg8=Q Rxg8 29. Bxg8 Nf6 30. Bf7 Nd7
31. Rc7 Nb8 32. Re8 Bb4 33. Rc4 Ba5 34. Rxb8+ Ka7 35. Bd5
1-0

[Event "Under 1300 knightworm78 Invitational #6"]
[Site "SchemingMind.com"]
[Date "2019.10.05"]
[Round "-"]
[White "Shanks"]
[Black "Chessibelle"]
[Result "1-0"]
[WhiteCountry "ENG"]
[BlackCountry "ENG"]
[WhiteElo "1287"]
[WhiteRD "70"]
[BlackElo "1159"]
[BlackRD "58"]
[GameID "446519"]

1. d4 d5 2. Nc3 e6 3. a3 Nf6 4. e3 Nc6 5. Nf3 g6 6. Be2 Be7 7. h3 O-O 8. g4 g5 9. Nxg5 Nd7 10. Nf3 b6
11. Ne5 Bb7 12. Nxd7 Qxd7 13. Bf1 Bg5 14. Bg2 Ne7 15. O-O Ng6 16. Re1 c6 17. Ne2 Bd8 18. Ng3 Bc7 19. Nh5 Qe7 20. e4 e5
21. exd5 cxd5 22. dxe5 Nxe5 23. f4 Qc5+ 24. Kh1 Rab8 25. fxe5 Rfe8 26. Nf6+ Kf8 27. Nd7+
1-0

[Event "Under 1300 knightworm78 Invitational #6"]
[Site "SchemingMind.com"]
[Date "2019.10.05"]
[Round "-"]
[White "Shanks"]
[Black "wight knight"]
[Result "0-1"]
[WhiteCountry "ENG"]
[BlackCountry "ENG"]
[WhiteElo "1287"]
[WhiteRD "70"]
[BlackElo "1266"]
[BlackRD "58"]
[GameID "446520"]

1. d4 Nc6 2. Nc3 b5 3. Nxb5 Ba6 4. Na3 e5 5. d5 Bxa3 6. bxa3 Nd4 7. Bb2 f5 8. Bxd4 exd4 9. Qxd4 Qf6 10. Qe3+ Ne7
11. Rd1 O-O 12. g3 Rab8 13. Nh3 g6 14. Nf4 Rb2 15. Qxa7 Qc3+
0-1

[Event "Under 1300 knightworm78 Invitational #6"]
[Site "SchemingMind.com"]
[Date "2019.10.02"]
[Round "-"]
[White "Shanks"]
[Black "Henk Miedema"]
[Result "1-0"]
[WhiteCountry "ENG"]
[BlackCountry "NED"]
[WhiteElo "1277"]
[WhiteRD "66"]
[BlackElo "978"]
[BlackRD "67"]
[GameID "446521"]

1. Nf3 d5 2. d4 f6 3. Nc3 e6 4. a3 Bd6= 5. e3 Ne7 6. Bb5+ Bd7 7. Be2 Nbc6 8. O-O O-O 9. Nb5 Ng6 10. Nxd6 Na5
11. b4 Bc6 12. bxa5 Qxd6 13. Bd2 a6 14. Bb4 Qd7 15. c4 Ba4 16. Qc1 b5 17. axb6 Rfe8 18. c5 Bb5 19. Re1 Re7= 20. b7 Rb8=
21. Nd2 e5 22. Nb3 Rxb7 23. Na5 Rb8 24. a4 c6 25. axb5 axb5 26. Nb3 e4 27. Nd2 Rf7 28. Nf1 Rff8 29. h3 f5 30. Ng3 Nh4
31. Nh5 Qe7 32. Nf4 Rf6 33. Bd1 Rh6 34. Nh5 Ng6 35. Ng3 Rf8 36. Be2 f4 37. exf4 Rh4 38. Qe3 Qe6 39. f5 Qf6 40. fxg6 Rf4
41. Rf1 Qxg6 42. Be1 Rh4 43. Nh1= h6 44. f3 Rh5 45. f4 Rhf5 46. Ng3 h5 47. Nxf5 Qxf5 48. Ra6 Qe6 49. Bxh5 Qd7 50. Ra2 Kh7
51. Bg4 Qe8 52. Bg3 Kg8 53. Raf2 Rf6= 54. f5 Qe7 55. Bd6 Qf7 56. Be5 Rh6 57. f6 Qg6 58. f7+ Kf8 59. Bh2 Rh7 60. Bd6+
1-0

[Event "Under 1300 knightworm78 Invitational #6"]
[Site "SchemingMind.com"]
[Date "2019.09.30"]
[Round "-"]
[White "Bacon"]
[Black "Martin E. Hardwick"]
[Result "1/2-1/2"]
[WhiteCountry "BER"]
[BlackCountry "ENG"]
[WhiteElo "1137"]
[WhiteRD "84"]
[BlackElo "1311"]
[BlackRD "75"]
[GameID "446522"]

1. e4 e5 2. Nf3 Nc6 3. c3 Nf6 4. Bc4 Be7 5. d3 h6 6. d4 d6 7. dxe5 Nxe5 8. Nxe5 dxe5 9. Na3 Bxa3 10. bxa3 Qxd1+
11. Kxd1 Bg4+ 12. f3 Rd8+ 13. Bd5 Nxd5 14. exd5 Rxd5+ 15. Bd2 Be6 16. Re1 Bf5 17. f4 Bg4+ 18. Kc2 O-O 19. fxe5 Be6 20. Bf4 Rfd8
21. Rad1 Rxd1 22. Rxd1 Rxd1 23. Kxd1 Bxa2 24. g4 c5 25. h4 b5 26. g5 h5 27. Kc2 Bc4 28. Kb2=
1/2-1/2

[Event "Under 1300 knightworm78 Invitational #6"]
[Site "SchemingMind.com"]
[Date "2019.09.30"]
[Round "-"]
[White "Black Knight"]
[Black "Bacon"]
[Result "1-0"]
[WhiteCountry "USA"]
[BlackCountry "BER"]
[WhiteElo "1298"]
[WhiteRD "50"]
[BlackElo "1137"]
[BlackRD "84"]
[GameID "446523"]

1. d4 Nc6 2. d5 Nb4 3. e4 c6 4. Bd2 cxd5 5. Bxb4 dxe4 6. Nc3 a5 7. Ba3 d5 8. Qxd5 Qxd5 9. Nxd5 Rb8 10. Bb5+ Bd7
11. Bxd7+ Kxd7 12. O-O-O e6 13. Nb6+ Kc7 14. Nc4 Bxa3 15. Nxa3 Nf6 16. Nb5+ Kb6 17. Nc3 Nd5 18. Nxd5+ Kc6 19. Ne3 f5 20. Ne2 g5
21. g3 Rhf8 22. Rd2 f4 23. gxf4 gxf4 24. Nd4+ Kb6 25. Nxe6 Rf6 26. Nd5+ Ka7 27. Nxf6 e3 28. fxe3 fxe3 29. Re2 h6 30. Rxe3 b6
31. Nd7 Rb7 32. Ne5 h5 33. Nc6+ Ka6 34. Ned8 Rc7 35. Re5 h4 36. Rhe1 h3 37. Re7 Rxe7 38. Rxe7 Kb5 39. Re5+ Ka6 40. Re6 Kb5
41. Nd4+ Kc4 42. Ne2 Kb5 43. Nd4+ Kc5 44. N4c6 Kd5 45. Ne7+ Kc5 46. Nb7+ Kb5 47. Rc6 Ka6 48. Nc5+ Kb5 49. b3 Kb4 50. Rxb6+ Kxc5
51. Rh6 Kb4 52. Rxh3 Ka3 53. Nd5 Kxa2 54. b4 axb4 55. Nxb4+ Ka1 56. Ra3#
1-0

[Event "Under 1300 knightworm78 Invitational #6"]
[Site "SchemingMind.com"]
[Date "2019.09.30"]
[Round "-"]
[White "Bacon"]
[Black "malcolm chugg"]
[Result "1/2-1/2"]
[WhiteCountry "BER"]
[BlackCountry "WLS"]
[WhiteElo "1137"]
[WhiteRD "84"]
[BlackElo "1220"]
[BlackRD "55"]
[GameID "446524"]

1. e3 d5 2. Nc3 g6 3. e4 Nf6 4. e5 Ne4 5. Nxe4 dxe4 6. Qe2 e6 7. Qxe4 Qd5 8. Qxd5 exd5 9. Nf3 Bb4 10. c3 Bc5
11. b4 Bb6 12. Bb5+ Bd7 13. Bxd7+ Nxd7 14. d4 O-O-O 15. Ng5 Rdf8 16. O-O h6 17. Nf3 a5 18. b5 c5 19. dxc5 Bxc5 20. Be3 b6
21. Nd4 Nxe5 22. Nc6 Nxc6 23. Bxc5 bxc5 24. bxc6 Kc7 25. c4 Kxc6 26. Rfc1 Re8 27. g3 Re4 28. cxd5+ Kxd5 29. Rd1+ Kc6 30. Rac1 Ra4
31. Rd2 Re4 32. Rdc2 Re5 33. f4 Rd5=
1/2-1/2

[Event "Under 1300 knightworm78 Invitational #6"]
[Site "SchemingMind.com"]
[Date "2019.09.30"]
[Round "-"]
[White "Chessibelle"]
[Black "Bacon"]
[Result "1-0"]
[WhiteCountry "ENG"]
[BlackCountry "BER"]
[WhiteElo "1159"]
[WhiteRD "58"]
[BlackElo "1137"]
[BlackRD "84"]
[GameID "446525"]

1. Nf3 Nc6 2. d4 d5 3. Nc3 Bf5 4. a3 Nf6 5. g3 Ng4 6. Qd2 Qd6 7. e3 e6 8. Bg2 g6 9. Na4 b5 10. Nc5 e5
11. b4 a5 12. Nb7 Qd7 13. h3 a4 14. O-O Ra7 15. Nc5 Bxc5 16. dxc5 O-O 17. c3 e4 18. Ne1 Nge5 19. Qe2 Nc4 20. f3 Re8
21. g4 exf3 22. Bxf3 Be4 23. Ng2 N6e5 24. Qd1 Bxf3 25. Rxf3 Nxf3+ 26. Qxf3 c6 27. e4 dxe4 28. Qg3 Qd5 29. Bh6 f5 30. Nf4 Qd6
31. gxf5 Qd2 32. Nh5 e3 33. Re1 e2 34. Kf2 Qe3+ 35. Bxe3 Rxe3 36. Qb8+ Kf7 37. Qxa7+ Kf8 38. Qg7+ Ke8 39. Nf6+ Kd8 40. Qd7#
1-0

[Event "Under 1300 knightworm78 Invitational #6"]
[Site "SchemingMind.com"]
[Date "2019.09.30"]
[Round "-"]
[White "wight knight"]
[Black "Bacon"]
[Result "1-0"]
[WhiteCountry "ENG"]
[BlackCountry "BER"]
[WhiteElo "1266"]
[WhiteRD "58"]
[BlackElo "1137"]
[BlackRD "84"]
[GameID "446526"]

1. e4 Nf6 2. f3 Nc6 3. c3 d6 4. g4 g5 5. h4 Bh6 6. d4 Rg8 7. hxg5 Bxg5 8. Bxg5 Rxg5 9. Nh3 Ra5 10. b4 Ra6
11. Bxa6 bxa6 12. Ng5 e5 13. Nxh7 Nd7 14. dxe5 dxe5 15. a4 Qe7 16. g5 Rb8 17. Nf6+ Nxf6 18. Rh8+ Qf8 19. Rxf8+ Kxf8 20. gxf6 Be6
21. Kf2 Bc4 22. Qh1 Ke8 23. Na3 Bb3 24. Rb1 Bxa4 25. Rb2 Kd7 26. Rd2+ Ke6 27. Qh3+ Kxf6 28. Qf5+ Ke7 29. Rd7+ Ke8 30. Qxf7#
1-0

[Event "Under 1300 knightworm78 Invitational #6"]
[Site "SchemingMind.com"]
[Date "2019.09.30"]
[Round "-"]
[White "Black Knight"]
[Black "Martin E. Hardwick"]
[Result "1-0"]
[WhiteCountry "USA"]
[BlackCountry "ENG"]
[WhiteElo "1309"]
[WhiteRD "54"]
[BlackElo "1316"]
[BlackRD "75"]
[GameID "446527"]

1. d4 d5 2. c4 e6 3. Nc3 Nf6 4. Bg5 Be7 5. Nf3 h6 6. Bf4 Bd6 7. Ne5 O-O 8. c5 Bxe5 9. Bxe5 Nbd7 10. e3 c6
11. Bd3 Nxe5 12. dxe5 Ne4 13. Nxe4 dxe4 14. Bxe4 Qxd1+ 15. Rxd1 Rb8 16. b4 b6 17. O-O Bb7 18. Rb1 Rbd8 19. Rbd1 Rxd1 20. Rxd1 Rc8
21. Rd7 Ba6 22. Rxa7 Bb5 23. a4 Bc4 24. Rd7 Bd5 25. Bd3 bxc5 26. b5 c4 27. Bc2 cxb5 28. axb5 Rb8 29. Ba4 c3 30. Rc7 Rb7
31. Rxc3 Kh7 32. Bc2+ g6 33. Rc5 Kg7 34. f3 Rb6 35. e4 Bb7 36. Bd3 h5 37. h4
1-0

[Event "Under 1300 knightworm78 Invitational #6"]
[Site "SchemingMind.com"]
[Date "2019.09.30"]
[Round "-"]
[White "Martin E. Hardwick"]
[Black "malcolm chugg"]
[Result "1/2-1/2"]
[WhiteCountry "ENG"]
[BlackCountry "WLS"]
[WhiteElo "1333"]
[WhiteRD "73"]
[BlackElo "1243"]
[BlackRD "54"]
[GameID "446528"]

1. d4 d5 2. Nf3 e6 3. a3 c5 4. e3 c4 5. Be2 Be7 6. Nbd2 Qc7 7. Ne5 Nc6 8. Ndf3 f6 9. Nxc6 Qxc6 10. O-O g5
11. Ne1 Bd7 12. Bh5+ Kd8 13. Be2 Bd6 14. g3 Qa4 15. c3 f5 16. Qxa4 Bxa4 17. Bd2 h5 18. Bd1 Bc6 19. Bc2 Nf6 20. Ng2 h4
21. g4 h3 22. Ne1 Bd7 23. Nf3 Nh7 24. Ne5 Bxe5 25. dxe5 fxg4 26. Bxh7 Rxh7 27. e4 Rg7 28. f4 Bc6 29. fxg5 dxe4 30. Rf8+ Be8
31. Raf1 Kd7 32. R1f6 Ke7 33. Rh8 Rd8 34. Rf2 Bc6 35. Rxd8 Kxd8 36. Be3 a6 37. Rd2+ Kc7 38. Kf2 Bd5=
1/2-1/2

[Event "Under 1300 knightworm78 Invitational #6"]
[Site "SchemingMind.com"]
[Date "2019.10.01"]
[Round "-"]
[White "wight knight"]
[Black "Martin E. Hardwick"]
[Result "1-0"]
[WhiteCountry "ENG"]
[BlackCountry "ENG"]
[WhiteElo "1266"]
[WhiteRD "58"]
[BlackElo "1311"]
[BlackRD "75"]
[GameID "446529"]

1. e4 e5 2. Bc4 Be7 3. Qf3 Nf6 4. d3 d6 5. Bg5 O-O 6. Bxf6 Bxf6 7. h4 Be6 8. Bxe6 fxe6 9. h5 Nc6 10. c3 Bg5
11. Qg4 Qe7 12. Nf3 Bh6 13. Nbd2 Qf7 14. Ng5 Qxf2+ 15. Kd1 Bxg5 16. Qxg5 Rae8 17. h6 g6 18. Rf1 Qxg2 19. Qxg2 Rf7 20. Rxf7 Kxf7
21. Qf2+ Kg8 22. Kc2 Rf8 23. Qg1 Rf4 24. Rf1 Rxf1 25. Qxf1 Ne7 26. Qf6
1-0

[Event "Under 1300 knightworm78 Invitational #6"]
[Site "SchemingMind.com"]
[Date "2019.09.30"]
[Round "-"]
[White "Black Knight"]
[Black "malcolm chugg"]
[Result "0-1"]
[WhiteCountry "USA"]
[BlackCountry "WLS"]
[WhiteElo "1298"]
[WhiteRD "50"]
[BlackElo "1220"]
[BlackRD "55"]
[GameID "446530"]

1. d4 d5 2. c4 c6 3. Nc3 dxc4 4. e4 b5 5. d5 Bd7 6. e5 e6 7. d6 f6 8. Nf3 g5 9. Nd4 Qc8 10. b3 cxb3
11. axb3 b4 12. Na4 fxe5 13. Nc2 Na6 14. Bxa6 Qxa6 15. Bb2 Bg7 16. Nc5 Qb6 17. Nxd7 Kxd7 18. O-O Rf8 19. Re1 Qc5 20. Re2 a5
21. Ne3 Rf7 22. Ng4 h5 23. Bxe5 hxg4 24. Rc1 Qb5 25. Re4 Nf6 26. Bxf6 Bxf6 27. Rxg4 Qf5 28. h3 Bc3 29. Rc2 Be5 30. Rd2 Ra8
31. f3 Bf4 32. Rd4 c5 33. Re4 Ra6 34. h4 Rxd6 35. Qe2 Rd2 36. Qb5+ Kd6 37. g3 Rd1+ 38. Kg2 Bxg3 39. Rxg3 gxh4 40. Rgg4 Qxf3+
41. Kh2 Rd2+ 42. Kg1 Rd1+ 43. Kh2 Qh1#
0-1

[Event "Under 1300 knightworm78 Invitational #6"]
[Site "SchemingMind.com"]
[Date "2019.09.30"]
[Round "-"]
[White "Martin E. Hardwick"]
[Black "Chessibelle"]
[Result "1-0"]
[WhiteCountry "ENG"]
[BlackCountry "ENG"]
[WhiteElo "1316"]
[WhiteRD "75"]
[BlackElo "1156"]
[BlackRD "56"]
[GameID "446531"]

1. d4 d5 2. Nf3 Nf6 3. Nc3 g6 4. Bf4 Bg7 5. e3 Bd7 6. Be2 O-O 7. O-O Nc6 8. Bb5 a6 9. Bxc6 Bxc6 10. a3 a5
11. Ne5 Be8 12. Ng4 Kh8 13. Nxf6 exf6 14. e4 Bc6 15. exd5 Bd7 16. Re1 h5 17. d6 c6 18. Re7 Qc8 19. Qe1 b5 20. Qe2 Bg4
21. f3 Bf5 22. Re1 Be6 23. d7 Bxd7 24. Rxd7 Qxd7 25. Bd2 Qxd4+ 26. Be3 Qd6 27. Rd1 Qe6 28. Bd4 Qf5 29. Qd3 Qd7 30. Be3 Qc7
31. Qd7 Qe5 32. Qd4 Qf5 33. Qf4 Qc8 34. Qd4 f5 35. Qf4 Kh7 36. Bd4 c5 37. Bxg7 Kxg7 38. Qe5+ Kh7 39. g3 Qb7 40. Qd5 Qb6
41. Re1 c4+ 42. Kg2 b4 43. axb4 Qxb4 44. Rb1 Qb8 45. Nb5 Qc8 46. Re1 Rd8 47. Qxf7+ Kh6 48. Re6 Rg8 49. Nd6 Qd8 50. Nxf5+ Kg5
51. f4+ Kg4 52. h3#
1-0